000 01043cam a2200229 4500
001 ABS63187
008 000000n2000 000 0 eng u
035 _a(Sirsi) u109647
100 _aMowbray, J
245 _aDerogation from grant
260 _c2000
490 _aSolicitors' Journal
_v144(43) 17 November 2000, 1046-1047(2)
520 _aDiscusses the recent decisions in "Chartered Trust v Davies" and "Petra Investments v Jeffrey Rogers". which both support the same notion: to avoid a successful claim from a tenant for derogation from grant, landlords should not be concerned about how other tenants use their premises, but should be aware of the business conduct of such tenants. Outlines how the cases highlight some important lessons for landlords and tenants.
590 _aABS
650 _aPETRA INVESTMENTS V JEFFREY ROGERS PLC
650 _aCHARTERED TRUST V DAVIES
650 _aDEROGATION FROM GRANT
650 _aBUSINESS CONDUCT
690 _aLandlord and tenant
_96252
700 _aJuden, J
942 _n0
999 _c65461
_d65461